000 00674nmm a2200193Ia 4500
008 251105s9999||||xx |||||||||||||||||und||
020 _a9788490641064
041 _aspa
100 _aFernández Manzano,Patricia
245 0 _a¡Echa el anzuelo! Estrategias de pitch para jornadas audiovisuales y proyectos transmedia
264 _a[Madrid, España] :
_bUniversitat Oberta de Catalunya,
_c2014
300 _a76 páginas
490 _aComunicación y sociedad
650 _aMedia Studies (Journ., TV, etc)
700 _aFernández Manzano,Patricia
700 1 _a Linares Palomar, Rafael
856 _uhttps://public.digitaliapublishing.com/a/28910
942 _cCF
999 _c65351
_d65351